MARC

LEADER 00000nam0a2200000 4500
001 13225
005 20231030184905.0
010 |a 5931360034 
035 |a (RuTPU)RU\TPU\book\13307 
035 |a BOOK00013374 
090 |a 13225 
100 |a 20011209d1999 m y0rusy50 ca 
101 0 |a rus 
102 |a RU 
105 |a y j 000zy 
200 1 |a Введение в этническую и кросс-культурную психологию  |f Н. М. Лебедева 
210 |a Москва  |c Ключ-С  |d 1999 
215 |a 224 с. 
225 1 |a Университетский учебник 
610 1 |a психология 
610 1 |a этническая психология 
610 1 |a культура 
610 1 |a учебные пособия 
686 |a Ю958я73  |v LBC/SL-A  |2 rubbk 
700 1 |a Лебедева  |b Н. М.  |g Надежда Михайловна 
801 0 |a RU  |b 63413507  |c 20011209  |g PSBO 
801 2 |a RU  |b 63413507  |c 20170410  |g PSBO 
900 |a Психология 
900 |a Социальная антропология 
900 |a Основы физиогномики и кинесики 
942 |c BK